000 00562nam a2200193Ia 4500
003 OSt
005 20200727103216.0
008 190216s9999||||xx |||||||||||||| ||und||
020 _a9789380853826
040 _coclc
082 _a512.5
_bCHE/L
100 _a Cheney, Ward
_93758
245 0 _aLinear Algebra Theory And Applications /
_cWard Cheney ; David Kincaid
250 _a2nd Ed.
260 _bJones And Bartlett,
_c2014.
_aNew Delhi:
300 _a624p
650 _aMathematics
942 _cBK
_2ddc
_h512.5
_iCHE/L
_k512.5
_mCHE/L
999 _c32456
_d32456